000 00620nam a2200241Ia 4500
003 OSt
005 20221005121134.0
006 a|||||r|||| 00| 0
007 ta
008 221004b |||||||| |||| 00| 0 mal d
024 _a52913
037 _cTextual
040 _aCRL
_cCRL
_bmal
041 _2mal
_amal
082 _aNR222,91:91,4, 32J0
100 _aNambiyar Kunchan
_9630143
245 0 _aGhaosha yatra ottam thullal
260 _c1950
300 _a104
_ccm.
650 _aMUSIC
_917402
942 _hNR222,91:91,4, 32J0
_cTEXL
_2cc
999 _c1040218
_d1040218